| 000 | 00439nam a2200181Ia 4500 | ||
|---|---|---|---|
| 008 | 131103s9999 xx 000 0 und d | ||
| 020 | _a330029509 | ||
| 040 | _aLoreto College | ||
| 041 | _aEnglish | ||
| 082 |
_aF/TOL _bLCBED/8935 |
||
| 100 | _aTolstoy, Leo | ||
| 245 |
_aWar and peace _cLeo Tolstoy |
||
| 260 |
_aLondon _bPan _c1981 |
||
| 300 |
_a1314p _c 20cm. |
||
| 650 | _aEnglish fiction | ||
| 850 | _aLCBED/F/TOL | ||
| 942 | _cBK | ||
| 999 |
_c33264 _d83743 |
||